Intermediate algebra (Record no. 12672)

000 -LEADER
fixed length control field 00412nam a2200169 4500
020 ## - INTERNATIONAL STANDARD BOOK NUMBER
ISBN 0534000835
040 ## - CATALOGING SOURCE
Transcribing agency DLC
082 00 - DEWEY DECIMAL CLASSIFICATION NUMBER
Classification number 512 WAD 1972 A034 Or.
100 1# - MAIN ENTRY--AUTHOR NAME
Personal name Wooton, William.
245 10 - TITLE STATEMENT
Title Intermediate algebra
250 ## - EDITION STATEMENT
Edition statement 3d alternate ed.
260 ## - PUBLICATION, DISTRIBUTION, ETC. (IMPRINT)
Place of publication Belmont, Calif.,
Name of publisher Wadsworth Pub. Co.
Year of publication [1972]
300 ## - PHYSICAL DESCRIPTION
Number of Pages 484 p.
Dimensions 25 cm.
650 #0 - SUBJECT ADDED ENTRY--TOPICAL TERM
Topical Term Algebra.
700 1# - ADDED ENTRY--PERSONAL NAME
Personal name Drooyan, Irving,
942 ## - ADDED ENTRY ELEMENTS (KOHA)
Koha item type សៀវភៅភាសាអង់គ្លេស
952 ## - LOCATION AND ITEM INFORMATION (KOHA)
Withdrawn status [LOCAL, KOHA] 0
Holdings
Permanent Location Date acquired Koha item type Lost status Shelving location Barcode Current Location Full call number
Library Block A2017-08-16សៀវភៅភាសាអង់គ្លេស A034A17245Library Block A512 WAD 1972 A034 Or.
មជ្ឈមណ្ឌលឯការនៃសាកលវិទ្យាល័យភូមិន្ទកសិកម្មចំការដូង

Powered by Koha